Τομές στην εξέλιξη της παιδικής λογοτεχνίας : η περίπτωση του Ζαχαρία Παπαντωνίου ; συμβολή στη μελέτη του παιδικού βιβλίου

Αποθηκεύτηκε σε:
Λεπτομέρειες βιβλιογραφικής εγγραφής
Κύριος συγγραφέας: Μπενέκος, Αντώνης Π., 1930-
Μορφή: Βιβλίο
Γλώσσα:Greek
Δημοσίευση: Αθήνα : Καστανιώτης, 2000.
Έκδοση:3η έκδ. συμπλ.
Σειρά:Παιδική λογοτεχνία. Θεωρία - Μελέτη - Έρευνα (Καστανιώτης)
Θέματα:
Ετικέτες: Προσθήκη ετικέτας
Δεν υπάρχουν, Καταχωρήστε ετικέτα πρώτοι!

MARC

LEADER 00000cam a2200000 i 4500
001 1/32285
008 030206s2000 gr | ||| |||| ||gre||
020 |a 9600328234 
035 |l 10069311 
040 |a GR-MY-UA  |b gre  |e aacr 
041 0 |a gre 
082 7 |a 808.06809495   |2 (22) 
100 1 |a Μπενέκος, Αντώνης Π.,   |d 1930- 
245 1 0 |a Τομές στην εξέλιξη της παιδικής λογοτεχνίας :   |b η περίπτωση του Ζαχαρία Παπαντωνίου ; συμβολή στη μελέτη του παιδικού βιβλίου /   |c Αντώνης Π. Μπενέκος.  
250 |a 3η έκδ. συμπλ.  
260 |a Αθήνα :   |b Καστανιώτης,   |c 2000.  
300 |a 340 σ. ;   |c 21 εκ.  
490 1 |a (Παιδική λογοτεχνία. Θεωρία - Μελέτη - Έρευνα / Καστανιώτης)  
650 0 0 |a Children's literature, Greek (Modern) 
830 0 |a Παιδική λογοτεχνία.   |p Θεωρία - Μελέτη - Έρευνα (Καστανιώτης) 
852 |a INST  |b RHODES  |e 20030206  |h 808.06809495 ΜΠΕ  |p 005400015814  |q 005400015814  |t BK  |y 0 
901 |a BIBL4-2003-1 
909 |a Ρ  |b 101640 
970 |a ΚΟΥΛΑΚΙΩΤΗ  |b ΛΙΤΣΑ  |z 2003/02/06